| 000 | 00679cam a22002413a 4500 | ||
|---|---|---|---|
| 001 | 30317 | ||
| 003 | PGUSA | ||
| 005 | 20140828083644.0 | ||
| 008 | 091023s2009||||xxu|||||s|||||000 1 eng d | ||
| 040 |
_aPGUSA _beng |
||
| 042 | _adc | ||
| 050 | 4 | _aPQ | |
| 100 | 1 |
_aGoncourt, Edmond de, _d1822-1896 |
|
| 245 | 1 | 0 |
_aLa fille Elisa _h[electronic resource] / _cEdmond de Goncourt |
| 260 |
_bProject Gutenberg, _c2009 |
||
| 506 | _aPublic domain in the USA. | ||
| 516 | _aElectronic text | ||
| 653 | _aProstitutes -- France -- Fiction | ||
| 653 | _aPrisoners -- Fiction | ||
| 830 | 0 |
_aProject Gutenberg _v30317 |
|
| 856 | 4 | 0 | _uhttp://www.gutenberg.org/ebooks/30317 |
| 942 | _cEB | ||
| 999 |
_c259572 _d259572 |
||